Szent Ágoston püspök homíliája Róma városának pusztulásáról
Elmentve itt :
| Szerző: | |
|---|---|
| További közreműködők: | |
| Adatforrás: | Philobibl |
| Forrásdokumentuma: | Pannonhalmi Szemle 12.2004:2. 3-11. p. |
| Dokumentumtípus: | Cikk |
| Nyelv: | magyar |
| Kulcsszavak: | vallás, keresztény bibliamagyarázat |
| Megjelent: |
2004
|
| LEADER | 00537nab a2200157 c 4500 | ||
|---|---|---|---|
| 001 | bibPHI0030130 | ||
| 005 | 20200924122655.8 | ||
| 008 | 070302s2004 xx hun | ||
| 100 | 1 | |a Augustinus, Aurelius | |
| 245 | 1 | 0 | |a Szent Ágoston püspök homíliája Róma városának pusztulásáról |c Aurelius Augustinus ; [ford. Tokodi Péter; utószó Schmal Dániel] |
| 260 | |c 2004 | ||
| 695 | |a vallás, keresztény | ||
| 695 | |a bibliamagyarázat | ||
| 700 | 1 | |a Tokodi Péter | |
| 700 | 1 | |a Schmal Dániel | |
| 773 | 0 | |t Pannonhalmi Szemle |g 12.2004:2. 3-11. p. | |